[Event "Altensteig"]
[Site "Altensteig"]
[Date "1991.??.??"]
[Round "3"]
[White "Muse, Mladen"]
[Black "Van der Sterren, Paul"]
[Result "0-1"]
[WhiteElo "2445"]
[BlackElo "2485"]

1.d4 Nf6 2.c4 e6 3.Nf3 d5 4.Nc3 Be7 5.Bf4 O-O 6.e3 c5 7.dxc5 Bxc5 8.a3 Nc6
9.Be2 Ne4 10.Nxe4 dxe4 11.Ne5 Qf6 12.Nxc6 bxc6 13.Qc2 a5 14.O-O e5 15.Bg3 Re8
16.b3 Bf5 17.Qb2 Qe7 18.Rfb1 f6 19.Bd1 Red8 20.Bc2 Rd2 21.Qc3 Rad8 22.Rd1 Rxd1+
23.Rxd1 Rxd1+ 24.Bxd1 Qd8 25.Bc2 Bxa3 26.h3 Bb4 27.Qb2 Qd2 28.Kh2 Bg6 29.Qb1 Qe1
30.Qb2 Kf7 31.h4 Ke6 32.h5 Bf5 33.Qa2 Qe2 34.h6 gxh6 35.Qb1 Qe1 36.Qa2 Qc1
37.Bb1 h5 38.Qa4 Qxb1 39.Qxc6+ Kf7 40.c5 Qxb3 41.Qb7+ Kg6 42.c6 Qe6 43.c7 Qd7
44.Qb6 Kf7 45.Bh4 Be6 46.Qb8 Qc8 47.Qb6 Be7 48.Qxa5 Bd6 49.Qa4 Qxc7 50.Qxe4 f5  0-1

[Event "Anapa"]
[Site "Anapa"]
[Date "1991.??.??"]
[Round "?"]
[White "Tunik, Gennady"]
[Black "Doroshkievich, Vladimir K"]
[Result "1/2-1/2"]
[WhiteElo "2470"]
[BlackElo "2350"]

1.d4 d5 2.c4 e6 3.Nc3 Be7 4.Nf3 Nf6 5.Bf4 O-O 6.e3 b6 7.Be2 dxc4 8.Bxc4 Bb7
9.O-O a6 10.Rc1 b5 11.Bb3 c5 12.dxc5 Nbd7 13.c6 Bxc6 14.Ne2 Nc5 15.Ned4 Bb7
16.Bc2 Rc8 17.Bb1 Qb6 18.Qe2 Rfd8  1/2-1/2

[Event "AUT-chT"]
[Site "?"]
[Date "1991.??.??"]
[Round "?"]
[White "Schroll, Gerhard"]
[Black "Schuh, Franz"]
[Result "1-0"]
[WhiteElo "2260"]
[BlackElo "2300"]

1.d4 d5 2.c4 e6 3.Nc3 Be7 4.Nf3 Nf6 5.Bf4 O-O 6.e3 c6 7.h3 Nbd7 8.Qc2 Qa5
9.Bd3 dxc4 10.Bxc4 b5 11.Bd3 b4 12.Qa4 Qb6 13.Ne4 c5 14.dxc5 Nxc5 15.Nxc5 Bxc5
16.Ne5 Bb7 17.O-O Rfd8 18.Rac1 Rac8 19.Nc4 Qc6 20.Qxc6 Bxc6 21.Rfd1 Be7 22.Nd6 Bxd6
23.Bxd6 Rxd6 24.Bxh7+ Kxh7 25.Rxd6 Bd7 26.Rxc8 Bxc8 27.Rd8 Bb7 28.Rb8 Bd5
29.Rxb4 Bxa2 30.Ra4 Bc4 31.Rxa7 Kg6 32.f3 Nd5 33.e4 Nf4 34.Rc7 Bb3 35.Rb7 Ne2+
36.Kf2 Nd4 37.Ke3 e5 38.f4 Kf6 39.Rb6+ Ke7 40.fxe5 Nc2+ 41.Kd2  1-0

[Event "URS-chT"]
[Site "Azov"]
[Date "1991.??.??"]
[Round "?"]
[White "Lputian, Smbat G"]
[Black "Beliavsky, Alexander G"]
[Result "1-0"]
[WhiteElo "2570"]
[BlackElo "2655"]

1.d4 Nf6 2.c4 e6 3.Nf3 d5 4.Nc3 Be7 5.Bf4 O-O 6.e3 c5 7.dxc5 Bxc5 8.cxd5 Nxd5
9.Nxd5 exd5 10.a3 Nc6 11.Bd3 Bb6 12.O-O Qf6 13.b4 Bf5 14.b5 Nd4 15.Ne5 Bxd3
16.Qxd3 Rfd8 17.a4 Ne6 18.a5 Bc7 19.Ng4 Qe7 20.Bxc7 Qxc7 21.Rfc1 Qd6 22.Qf5 d4
23.Ne5 Qe7 24.a6 dxe3 25.fxe3 Rac8 26.Rxc8 Rxc8 27.axb7 Qxb7 28.Nc6 Ra8 29.Qf3 Kf8
30.Qe4 g6 31.Qe5 Kg8 32.h4 a6 33.Qf6 a5 34.Ne7+ Kf8 35.Rf1 Nd8 36.h5 Ke8
37.Nc6 Ne6 38.Qh8+ Nf8 39.Qe5+ Ne6 40.Qh8+ Nf8 41.Ne5 Qe4 42.Qf6 Ra7 43.Nxf7  1-0

[Event "GER-ch"]
[Site "Bad Neuenahr"]
[Date "1991.??.??"]
[Round "9"]
[White "Muse, Mladen"]
[Black "Boensch, Uwe"]
[Result "1-0"]
[WhiteElo "2460"]
[BlackElo "2470"]

1.d4 d5 2.Nf3 Nf6 3.c4 e6 4.Nc3 Be7 5.Bf4 O-O 6.e3 c5 7.dxc5 Bxc5 8.a3 Nc6
9.Be2 dxc4 10.Qc2 Qe7 11.Bxc4 Rd8 12.O-O Bd6 13.Bg5 h6 14.Bh4 Ne5 15.Ne4 Ng6
16.Bxf6 gxf6 17.Rfd1 Bc7 18.Rxd8+ Bxd8 19.Rd1 Nf8 20.Nd6 Bc7 21.Nb5 Bb8 22.Qe4 f5
23.Qd4 Bd7 24.e4 Bxb5 25.Bxb5 a6 26.exf5 axb5 27.f6 Qc7 28.Qg4+ Ng6 29.h4 Ra4
30.b4 Rxa3 31.g3 h5 32.Qxh5 Ba7 33.Kg2 Ra2 34.Qh6 Rxf2+ 35.Kh3 Nf4+ 36.Kg4 Nh5
37.Kxh5  1-0

[Event "Bad Ragaz op"]
[Site "Bad Ragaz"]
[Date "1991.??.??"]
[Round "8"]
[White "Bewersdorff, Oliver"]
[Black "Kotan, Ladislav"]
[Result "1-0"]
[WhiteElo "2330"]
[BlackElo "2300"]

1.d4 d5 2.c4 e6 3.Nc3 Be7 4.Nf3 Nf6 5.Bf4 O-O 6.e3 c5 7.dxc5 Bxc5 8.Qc2 Qa5
9.a3 Nc6 10.Rd1 dxc4 11.Bxc4 Be7 12.O-O e5 13.Bg3 Bg4 14.Nd5 Bxf3 15.gxf3 Nxd5
16.Rxd5 Qc7 17.Rxe5 Bd6 18.Rh5 g6 19.Rc5 Qe7 20.Rd5 Bxg3 21.hxg3 Rac8 22.Qe2 Rfd8
23.Rfd1 Ne5 24.Bb3 Rxd5 25.Bxd5 h5 26.f4 Ng4 27.Bf3 Nf6 28.e4 b6 29.e5 Nd7
30.Bd5 Nc5 31.Qc2  1-0

[Event "Baden-Baden op"]
[Site "Baden-Baden"]
[Date "1991.??.??"]
[Round "5"]
[White "Giorgadze, Giorgi"]
[Black "Stern, Rene"]
[Result "1-0"]
[WhiteElo "2515"]
[BlackElo "2360"]

1.d4 d5 2.c4 e6 3.Nc3 Be7 4.Nf3 Nf6 5.Bf4 O-O 6.e3 c5 7.dxc5 Bxc5 8.Qc2 Nc6
9.a3 Qa5 10.O-O-O Be7 11.g4 dxc4 12.Bxc4 e5 13.g5 exf4 14.gxf6 Bxf6 15.Nd5 Be6
16.Nxf6+ gxf6 17.Bxe6 fxe6 18.Rd7 Ne7 19.Rg1+ Kh8 20.Rxe7  1-0

[Event "Baden-Baden op"]
[Site "Baden-Baden"]
[Date "1991.??.??"]
[Round "7"]
[White "Giorgadze, Giorgi"]
[Black "Kachiani Gersinska, Ketino"]
[Result "1-0"]
[WhiteElo "2515"]
[BlackElo "2360"]

1.d4 d5 2.c4 e6 3.Nc3 Be7 4.Nf3 Nf6 5.Bf4 O-O 6.e3 c6 7.Qc2 Nbd7 8.h3 Re8
9.Bd3 dxc4 10.Bxc4 b5 11.Bd3 Bb7 12.O-O Rc8 13.Ne5 b4 14.Ne4 Nxe4 15.Bxe4 Nf6
16.Bf3 Nd5 17.Rfd1 c5 18.dxc5 Bxc5 19.e4 Bd4 20.Qd2 Nxf4 21.Qxd4 Qg5 22.Kh1 a5
23.a3 b3 24.a4 h5 25.Nd3 Nxd3 26.Qxd3 Qh4 27.Qxb3 Bxe4 28.Rd4 Bc2 29.Qe3 Qe7
30.Bxh5 Rb8 31.Rc1 Bb3 32.Qe5 Rbc8 33.Rxc8 Rxc8 34.Qxa5 Qf6 35.Qd2 Ra8 36.Rf4 Rd8
37.Bxf7+  1-0

[Event "Baden-Baden op"]
[Site "Baden-Baden"]
[Date "1991.??.??"]
[Round "9"]
[White "Giorgadze, Giorgi"]
[Black "Janjgava, Lasha"]
[Result "1-0"]
[WhiteElo "2515"]
[BlackElo "2490"]

1.d4 Nf6 2.Nf3 d5 3.c4 e6 4.Nc3 Be7 5.Bf4 O-O 6.e3 c5 7.dxc5 Bxc5 8.Qc2 Nc6
9.a3 Qa5 10.O-O-O a6 11.cxd5 exd5 12.Bg5 Be6 13.Bxf6 gxf6 14.Qa4 Qxa4 15.Nxa4 Be7
16.Nc3 Rfd8 17.Nd4 Nxd4 18.exd4 b5 19.Na2 Rab8 20.Kb1 a5 21.Bd3 b4 22.a4 Rdc8
23.b3 Bd8 24.Nc1 Kg7 25.g4 h6 26.Ne2 Be7 27.h3 Bd6 28.Rc1 Rxc1+ 29.Kxc1 f5
30.Kd2 Rc8 31.Ke3 Re8 32.Kf3 fxg4+ 33.hxg4 Rc8 34.Rh5 Rc7 35.Rh1 f6 36.Rc1 Rd7
37.Nf4 Bf7 38.Rc6 Bxf4 39.Kxf4 Bg6 40.Bxg6 Kxg6 41.Rc5 Re7 42.Rxd5 Re2 43.f3 Rb2
44.Rxa5 Rxb3 45.Rb5 Rb1 46.d5 b3 47.a5 b2 48.d6 Rd1 49.Rxb2 Rxd6 50.Ra2  1-0

[Event "Baku"]
[Site "Baku"]
[Date "1991.??.??"]
[Round "?"]
[White "Guseinov, Aidyn"]
[Black "Shur, Mikhail"]
[Result "1/2-1/2"]
[WhiteElo "2375"]
[BlackElo "2345"]

1.d4 e6 2.c4 d5 3.Nc3 Be7 4.Nf3 Nf6 5.Bf4 O-O 6.e3 c6 7.Qc2 Nbd7 8.a3 Re8
9.Rd1 Nf8 10.Be2 dxc4 11.Bxc4 Nd5 12.Bg3 Nxc3 13.Qxc3 Bd6 14.e4 b6 15.O-O Bb7
16.Bxd6 Qxd6 17.b4 a5 18.e5 axb4 19.axb4 Qe7 20.Nd2 c5 21.dxc5 bxc5 22.b5 Nd7
23.Rfe1 Nb6 24.Bf1 Bd5 25.Ra1 Qc7 26.Rac1 Rec8 27.Ne4 Bxe4 28.Rxe4 Ra4 29.Bd3 g6
30.h4 h5 31.Rxa4 Nxa4 32.Qc2 Nb6 33.Bxg6 Qxe5 34.Be4 c4 35.Qe2 f5 36.Bf3 Qxe2
37.Bxe2 Rc5 38.Bxh5 Rxb5 39.Be2 Rc5 40.Rc3 Kg7 41.Kf1  1/2-1/2

[Event "CHN-CIS"]
[Site "Beijing"]
[Date "1991.??.??"]
[Round "?"]
[White "Ye Rongguang"]
[Black "Ambarcumjan, Armen"]
[Result "1/2-1/2"]
[WhiteElo "2515"]
[BlackElo "2345"]

1.c4 e6 2.Nc3 d5 3.d4 Nf6 4.Nf3 Be7 5.Bf4 O-O 6.e3 c5 7.dxc5 Bxc5 8.Rc1 Qa5
9.Nd2 Be7 10.Nb3 Qb6 11.a3 Nc6 12.Bg5 Na5 13.Nxa5 Qxa5 14.cxd5 Nxd5 15.Bxe7 Nxe7
16.Bd3 Rd8 17.O-O Bd7 18.Qc2 h6 19.Ne4 Nc6 20.Rfd1 Rac8  1/2-1/2

[Event "Belgrade Invest"]
[Site "Belgrade"]
[Date "1991.??.??"]
[Round "?"]
[White "Seirawan, Yasser"]
[Black "Beliavsky, Alexander G"]
[Result "1/2-1/2"]
[WhiteElo "2615"]
[BlackElo "2655"]

1.d4 Nf6 2.c4 e6 3.Nf3 d5 4.Nc3 Be7 5.Bf4 O-O 6.e3 c5 7.dxc5 Bxc5 8.cxd5 Nxd5
9.Nxd5 exd5 10.a3 Nc6 11.Bd3 Bb6 12.O-O Qf6 13.b4 Bf5 14.b5 Nd4 15.Nxd4 Bxd4
16.Rc1 Bb6 17.Bxf5 Qxf5 18.Bc7 Qe4 19.Qc2 Qxc2 20.Rxc2 d4 21.exd4 Rac8 22.Rfc1 Bxd4
23.Kf1 f6 24.a4 Rf7 25.a5 Re7 26.Rc4 Bb2 27.R1c2 Be5 28.Bxe5 Rxc4 29.Rxc4 Rxe5
30.Rc8+ Kf7 31.Ra8 Rxb5 32.Rxa7 Ke6 33.a6 bxa6 34.Rxg7 h5 35.g3 a5 36.Kg2 Kd5
37.Rf7 Kc4 38.Rxf6 a4 39.Ra6 Kb4 40.f4 a3 41.g4 hxg4 42.Kg3 Ra5 43.Rb6+ Ka4
44.Rb1 a2 45.Ra1 Kb3 46.f5 Kb2 47.Rxa2+ Rxa2 48.f6 Kc3 49.f7 Ra8 50.Kxg4 Rf8
51.Kg5 Rxf7 52.h4 Kd4 53.Kg6 Rf1 54.h5 Rg1+ 55.Kf6 Rh1 56.Kg6 Ke5 57.h6 Ke6
58.Kg7 Rg1+ 59.Kf8  1/2-1/2

[Event "Belgrade Invest"]
[Site "Belgrade"]
[Date "1991.??.??"]
[Round "?"]
[White "Gurevich, Mikhail"]
[Black "Beliavsky, Alexander G"]
[Result "1/2-1/2"]
[WhiteElo "2630"]
[BlackElo "2655"]

1.c4 e6 2.Nc3 d5 3.d4 Nf6 4.Nf3 Be7 5.Bf4 O-O 6.e3 c5 7.dxc5 Bxc5 8.cxd5 Nxd5
9.Nxd5 exd5 10.a3 Nc6 11.Bd3 Bb6 12.O-O Qf6 13.b4 Bf5 14.b5 Nd4 15.Bxf5 Nxf3+
16.Qxf3 Qxf5 17.a4 Rfd8 18.a5 Bc5 19.Bc7 Qxf3 20.gxf3 Rd7 21.b6 a6 22.Rfd1 f5
23.Rac1 Be7 24.Rd3 Kf7 25.e4 d4 26.Rc4 Bf6 27.Rc5 g6 28.Bf4 Re8 29.exf5 Red8
30.Bc7 Re8 31.f4 Be7 32.fxg6+ hxg6 33.Rc4 Bf6 34.Be5 Bxe5 35.fxe5 Rxe5 36.Rdxd4 Rxd4
37.Rxd4 Rxa5 38.Rd7+ Kf6 39.Rxb7 Rb5 40.Kg2 a5 41.Rb8 a4 42.b7 Kg7 43.Ra8  1/2-1/2

[Event "Benidorm op"]
[Site "Benidorm"]
[Date "1991.??.??"]
[Round "3"]
[White "Blees, Albert"]
[Black "Gil Capape, Javier"]
[Result "1-0"]
[WhiteElo "2380"]
[BlackElo "2380"]

1.c4 e6 2.Nf3 d5 3.d4 Nf6 4.Nc3 Be7 5.Bf4 O-O 6.e3 c5 7.dxc5 Bxc5 8.Bd3 dxc4
9.Bxc4 a6 10.Qe2 b5 11.Bd3 Nc6 12.O-O Qe7 13.Rac1 Bb7 14.Ne4 Nxe4 15.Bxe4 f5
16.Bg5 fxe4 17.Bxe7 exf3 18.Qd1 fxg2 19.Bxc5 gxf1=Q+ 20.Kxf1 Rad8 21.Qb3 Rf6
22.Rd1 Rc8 23.Rd7 Na5 24.Qb4 Bf3 25.Qd4 Bd5 26.b3 Nc6 27.Qg4 Rg6 28.Qf4 e5
29.Qh4 Bg2+ 30.Ke2 h6 31.Qh5 Rf6 32.Rxg7+  1-0

[Event "Bern op"]
[Site "Bern"]
[Date "1991.??.??"]
[Round "2"]
[White "Tukmakov, Vladimir B"]
[Black "Jakob, Simon"]
[Result "1-0"]
[WhiteElo "2520"]
[BlackElo "2230"]

1.d4 d5 2.c4 e6 3.Nf3 Nf6 4.Nc3 Be7 5.Bf4 O-O 6.e3 c5 7.dxc5 Bxc5 8.Qc2 Nc6
9.a3 Qa5 10.Nd2 Be7 11.Bg3 Bd7 12.Be2 Rfc8 13.O-O Qd8 14.Rad1 d4 15.Nb5 dxe3
16.fxe3 Qb6 17.Qd3 Be8 18.b4 Rd8 19.Qb3 Rd7 20.c5 Qd8 21.Nd6 Bxd6 22.cxd6 e5
23.Bh4 Rxd6 24.Ne4 Rxd1 25.Rxd1 Qe7 26.Rf1 Qc7 27.Bxf6 gxf6 28.Nxf6+ Kg7
29.Bh5 Qd6 30.Nxe8+  1-0

[Event "Biel op (Women)"]
[Site "Biel"]
[Date "1991.??.??"]
[Round "4"]
[White "Sakhatova, Elvira"]
[Black "Erneste, Inguna"]
[Result "1-0"]
[WhiteElo "2345"]
[BlackElo "2205"]

1.d4 Nf6 2.c4 e6 3.Nf3 d5 4.Nc3 Be7 5.Bf4 O-O 6.e3 c5 7.dxc5 Bxc5 8.Qc2 Qa5
9.Nd2 Bb4 10.Bd3 Nc6 11.O-O e5 12.Bg3 d4 13.a3 Bxc3 14.Nb3 Qa4 15.bxc3 dxe3
16.f3 Be6 17.Qb2 b6 18.Rfe1 Bxc4 19.Bc2 Qb5 20.a4 Qd5 21.Rad1 Qe6 22.Rxe3 Rad8
23.Nd4 Qc8 24.Nxc6 Rxd1+ 25.Bxd1 Qxc6 26.Bxe5 Re8 27.Qd2 Nd5 28.Re4 f5 29.Re1 Qc5+
30.Kh1 f4 31.h3 Rf8 32.Bc2 Bd3 33.Bd4 Rd8 34.Re3  1-0

[Event "Biel op (Women)"]
[Site "Biel"]
[Date "1991.??.??"]
[Round "6"]
[White "Alexandria, Nana"]
[Black "Maric, Alisa"]
[Result "1-0"]
[WhiteElo "2310"]
[BlackElo "2420"]

1.c4 e6 2.d4 d5 3.Nc3 Be7 4.Nf3 Nf6 5.Bf4 O-O 6.e3 c5 7.dxc5 Bxc5 8.cxd5 Nxd5
9.Nxd5 exd5 10.a3 Nc6 11.Bd3 Be7 12.h3 Bf6 13.Qc2 Qa5+ 14.Ke2 g6 15.Rhd1 Qb6
16.Rab1 d4 17.e4 Re8 18.b4 Bd7 19.Kf1 Rac8 20.Qb2 Ne5 21.Nxe5 Bxe5 22.Bxe5 Rxe5
23.Rbc1 Rxc1 24.Rxc1 Bc6 25.f3 Bb5 26.Qe2 Bxd3 27.Qxd3 Re8 28.Rc5 Rd8 29.Kf2 a6
30.f4 Qf6 31.Kf3 h5 32.g3 Kg7 33.h4 Kg8 34.Rc7 Qb6 35.Rc5 Qe6 36.a4 Qd6 37.f5 Qb6
38.fxg6 fxg6 39.Qc4+ Kf8 40.Rd5 Qf6+ 41.Ke2 Rxd5 42.Qxd5 b6 43.e5 d3+ 44.Kxd3 Qf1+
45.Kc2 Qe2+ 46.Qd2 Qxe5 47.Qd8+ Kf7 48.Qb8 Qxg3 49.Qb7+ Kf8 50.Qc8+ Ke7 51.Qb7+ Kf8
52.Qe4 Qa3 53.Qf4+ Kg7 54.Qd4+ Kh7 55.a5 Qa2+ 56.Kc3 Qa1+ 57.Kd3 Qb1+ 58.Kc4 bxa5  1-0

[Event "Bled/Rogaska Slatina"]
[Site "Bled"]
[Date "1991.??.??"]
[Round "2"]
[White "Bareev, Evgeny"]
[Black "Vaganian, Rafael A"]
[Result "1/2-1/2"]
[WhiteElo "2650"]
[BlackElo "2585"]

1.d4 e6 2.c4 Nf6 3.Nf3 d5 4.Nc3 Be7 5.Bf4 O-O 6.Qc2 Nc6 7.e3 Nb4 8.Qb3 b6
9.a3 dxc4 10.Bxc4 Nbd5 11.Bg3 Bb7 12.O-O Nxc3 13.bxc3 c5 14.a4 Ne4 15.Be5 cxd4
16.cxd4 Bd5 17.a5 Bxc4 18.Qxc4 Rc8 19.Qd3 Qd5 20.axb6 axb6 21.Rab1 f6  1/2-1/2

[Event "Brno Morava-C"]
[Site "Brno"]
[Date "1991.??.??"]
[Round "3"]
[White "Kolesar, Milan"]
[Black "Faibisovich, Vadim Z"]
[Result "1/2-1/2"]
[WhiteElo "2300"]
[BlackElo "2415"]

1.c4 e6 2.Nf3 d5 3.d4 Nf6 4.Nc3 Be7 5.Bf4 O-O 6.e3 c5 7.dxc5 Nc6 8.cxd5 Nxd5
9.Nxd5 exd5 10.a3 Bxc5 11.Bd3 Be7 12.O-O Be6 13.Qc2 h6 14.Rac1 Rc8 15.Qe2 Bd6
16.Bxd6 Qxd6 17.Bb5 Bg4 18.Bxc6 Rxc6 19.h3 Bxf3 20.Qxf3 Qe5 21.Rxc6 bxc6
22.Rc1 Qxb2 23.Rxc6 Qxa3 24.Qxd5 a5 25.Ra6 Qa1+ 26.Kh2 Qf1 27.Rxa5 Qxf2 28.Qf3  1/2-1/2

[Event "Brno Morava-D"]
[Site "Brno"]
[Date "1991.??.??"]
[Round "4"]
[White "Gogichaishvili, Giorgi"]
[Black "Tabatadze, Tamaz"]
[Result "1/2-1/2"]
[WhiteElo "2410"]
[BlackElo "2370"]

1.d4 d5 2.c4 e6 3.Nc3 Nf6 4.Nf3 Be7 5.Bf4 O-O 6.e3 c5 7.dxc5 Bxc5 8.Qc2 Nc6
9.a3 Qa5 10.O-O-O dxc4 11.Bxc4 Be7 12.g4 e5 13.g5 exf4 14.gxf6 Bxf6 15.Rd5 Qc7
16.Rh5 g6 17.Nd5 Qd6 18.Rg1 fxe3 19.fxe3 b5 20.Ba2 Bg7 21.Nf4  1/2-1/2

[Event "Brno Morava-C"]
[Site "Brno"]
[Date "1991.??.??"]
[Round "7"]
[White "Bagaturov, Giorgi"]
[Black "Faibisovich, Vadim Z"]
[Result "1/2-1/2"]
[WhiteElo "2440"]
[BlackElo "2415"]

1.d4 Nf6 2.c4 e6 3.Nf3 d5 4.Nc3 Be7 5.Bf4 O-O 6.e3 b6 7.cxd5 Nxd5 8.Nxd5 Qxd5
9.Bd3 Ba6 10.O-O c5 11.Bxa6  1/2-1/2

[Event "Brno Morava-C"]
[Site "Brno"]
[Date "1991.??.??"]
[Round "8"]
[White "Kolesar, Milan"]
[Black "Hirsch, Johann"]
[Result "1-0"]
[WhiteElo "2300"]
[BlackElo "2300"]

1.c4 Nf6 2.Nf3 e6 3.Nc3 d5 4.d4 Be7 5.Bf4 O-O 6.e3 b6 7.cxd5 exd5 8.Bd3 Bb7
9.O-O Na6 10.Ne5 c5 11.Qf3 Nc7 12.Ng4 Ne6 13.Qh3 g6 14.Nh6+ Kg7 15.Be5 Bd6
16.f4 Bxe5 17.fxe5 Ng8 18.Nxf7 Ng5 19.Nxg5 Qxg5 20.Nb5 Bc8 21.Qg3 Qxg3 22.hxg3 Ba6
23.Nc7 Rxf1+ 24.Bxf1 Bxf1 25.Nxa8 Bd3 26.Nc7 Be4 27.Rc1 cxd4 28.exd4 Nh6
29.Ne6+  1-0

[Event "Brno Morava-C"]
[Site "Brno"]
[Date "1991.??.??"]
[Round "11"]
[White "Augustin, Josef"]
[Black "Faibisovich, Vadim Z"]
[Result "1/2-1/2"]
[WhiteElo "2395"]
[BlackElo "2415"]

1.c4 e6 2.Nf3 d5 3.d4 Nf6 4.Nc3 Be7 5.Bf4 O-O 6.e3 c5 7.dxc5 Bxc5 8.Be2 dxc4
9.Bxc4 Qxd1+ 10.Rxd1 Nc6 11.O-O Bd7 12.Bd6 Bxd6 13.Rxd6 Rfd8 14.Rfd1 Kf8
15.Kf1 Ke7 16.R6d2 Be8  1/2-1/2

[Event "Brocco op"]
[Site "Brocco"]
[Date "1991.??.??"]
[Round "3"]
[White "Gavrikov, Viktor"]
[Black "Ciric, Dragoljub M"]
[Result "1-0"]
[WhiteElo "2580"]
[BlackElo "2380"]

1.d4 d5 2.c4 e6 3.Nc3 Nf6 4.Nf3 Be7 5.Bf4 O-O 6.e3 b6 7.Bd3 dxc4 8.Bxc4 Bb7
9.Qe2 Nd5 10.Bg3 c5 11.O-O cxd4 12.exd4 Nxc3 13.bxc3 Nd7 14.Bd3 Nf6 15.Rad1 Nh5
16.Be5 Rc8 17.c4 Bd6 18.Qe3 g6 19.Be2 Bxf3 20.Bxf3 Ng7 21.c5 Nf5 22.Qe4 Bxe5
23.dxe5 Qg5 24.c6 Ne7 25.Rd6 Rc7 26.h4 Qf5 27.Qe2 Qf4 28.g3 Qa4 29.Rc1 Nf5
30.Rc4 Qa3 31.Rd3 Qa5 32.h5 b5 33.Rc1 Qb6 34.Be4 Ne7 35.Qf3 f5 36.exf6 Nf5
37.Bxf5 gxf5 38.Qf4 Rxf6 39.Qg5+ Kf7 40.Rd8  1-0

[Event "Honved"]
[Site "Budapest"]
[Date "1991.??.??"]
[Round "3"]
[White "Farago, Sandor"]
[Black "Stern, Rene"]
[Result "0-1"]
[WhiteElo "2395"]
[BlackElo "2360"]

1.d4 d5 2.c4 e6 3.Nc3 Be7 4.Nf3 Nf6 5.Bf4 O-O 6.e3 c5 7.dxc5 Bxc5 8.Qc2 Nc6
9.a3 Qa5 10.O-O-O Bd7 11.g4 Rfc8 12.Nd2 Bf8 13.Nb3 Qb6 14.g5 Nh5 15.Bg3 g6
16.Be2 Na5 17.Nxa5 Qxa5 18.e4 d4 19.Rxd4 Qxg5+ 20.Kb1 Bc6 21.h4 Qc5 22.Rdd1 Nxg3
23.fxg3 Bg7 24.Bd3 a6 25.Na2 Qe5 26.g4 Rd8 27.Nc3 Rd4 28.Ka2 Rad8 29.Be2 R8d7
30.Rxd4 Rxd4 31.Rd1 Qf4 32.h5 Rxd1 33.Bxd1 Bxc3 34.Qxc3 Bxe4 35.a4 Qd6 36.h6 e5
37.Bb3 Kf8 38.Qe3 Bc6 39.Qb6 Ke7 40.Qa7 Kf6 41.Qa8 Kg5 42.Qg8 Kxh6 43.Qxf7 Qd7
44.Qf6 Bxa4 45.Qxe5 Bxb3+ 46.Kxb3 Qd1+ 47.Kb4 Qxg4 48.Qh2+ Qh5 49.Qf4+ Qg5
50.Qh2+ Kg7 51.Qc7+ Kf8 52.c5 Qe7 53.Qc8+ Kf7 54.Ka5 h5 55.Kb6 h4 56.Qb8 g5
57.b4 h3 58.Qg3 g4 59.Ka7 Qe4 60.Qc7+ Kg6 61.Qd6+ Kf5 62.Qd7+ Kf4 63.Qc7+  0-1

[Event "Cappelle op"]
[Site "Cappelle la Grande"]
[Date "1991.??.??"]
[Round "?"]
[White "Whiteley, Andrew J"]
[Black "Nokso Koivisto, Antti"]
[Result "1/2-1/2"]
[WhiteElo "2335"]
[BlackElo "2370"]

1.d4 d5 2.c4 e6 3.Nc3 Be7 4.Nf3 Nf6 5.Bf4 O-O 6.e3 c5 7.dxc5 Bxc5 8.Qc2 Nc6
9.a3 Qa5 10.Nd2 Be7 11.Rd1 e5 12.Bg5 d4 13.Nb3 Qd8 14.exd4 exd4 15.Nb5 Ng4
16.Bf4 Bg5 17.Bg3 Bf6 18.Nc7 Rb8 19.Bd3 h5 20.h3 Nge5 21.Nd5 Nxd3+ 22.Qxd3 Re8+
23.Kf1 Be5 24.Nxd4 Bxg3 25.Qxg3 Be6 26.Nxe6 fxe6 27.Nc3 Qf6 28.Kg1 Rf8 29.Qe3 Rbd8
30.Rxd8 Rxd8 31.Kh2 Qe5+ 32.Qxe5 Nxe5 33.b3 Rd3 34.Rc1 h4 35.c5 Nc6 36.b4 a6
37.b5 axb5 38.Nxb5 Rb3 39.Nd6 Rxa3 40.Nxb7 Ra2 41.Kg1 Kf7 42.Rc4 Ra1+ 43.Kh2 g5
44.Rg4 Kf6 45.Nd6 Ne5 46.c6 Nxc6 47.Ne4+ Kf5 48.f3 Ne5 49.Rxg5+ Kf4 50.Rg8 Ke3
51.Ng5 Nd3 52.Rh8 Ra4 53.Ne4 Ne1 54.Rxh4 Ra2 55.Rg4 Nxf3+ 56.Kg3 Ne1 57.Kh4 Nxg2+
58.Kg5 Ra5+ 59.Kf6 Nf4 60.Ng5 Rf5+  1/2-1/2

[Event "Cappelle op"]
[Site "Cappelle la Grande"]
[Date "1991.??.??"]
[Round "6"]
[White "Mikhalchishin, Adrian"]
[Black "Hoffman, Alejandro"]
[Result "1-0"]
[WhiteElo "2530"]
[BlackElo "2415"]

1.Nf3 d5 2.d4 Nf6 3.c4 e6 4.Nc3 Be7 5.Bf4 O-O 6.e3 b6 7.Bd3 Bb7 8.cxd5 exd5
9.O-O c5 10.Ne5 a6 11.Qf3 Ra7 12.Rad1 c4 13.Bc2 b5 14.a3 Nbd7 15.Qh3 Ba8
16.g4 h6 17.f3 Nh7 18.Bxh6 gxh6 19.Qxh6 Ndf6 20.g5 Ne4 21.fxe4 Bxg5 22.Qh3 f6
23.Ng6 Re8 24.e5 fxe5 25.Nxe5 Rxe5 26.dxe5 Rg7 27.Bxh7+ Rxh7 28.Qe6+ Kh8
29.Nxd5 Bxe3+ 30.Nxe3 Qg5+ 31.Ng4 Rg7 32.Rf8+ Kh7 33.Qf5+ Qxf5 34.Rxf5 Rxg4+
35.Kf2 Be4 36.Rd7+ Kh6 37.Rf6+ Kh5 38.e6 Bd3 39.Rdf7  1-0

[Event "Cheliabinsk op"]
[Site "Cheliabinsk"]
[Date "1991.??.??"]
[Round "40"]
[White "Tolstikh, Nikolay"]
[Black "Anikaev, Yuri N"]
[Result "1/2-1/2"]
[WhiteElo "2310"]
[BlackElo "2415"]

1.Nf3 d5 2.d4 Nf6 3.c4 e6 4.Nc3 Be7 5.Bf4 O-O 6.e3 b6 7.Rc1 c5 8.dxc5 bxc5
9.cxd5 exd5 10.Be2 Bb7 11.O-O Nbd7 12.Ne5 Nb6 13.Bf3 Qc8 14.Na4 Nxa4 15.Qxa4 Qe6
16.Rfd1 Rfc8 17.a3 a5 18.h3 h6 19.Rd2 Bd6 20.Ng4 Bc6 21.Qd1 Bxf4 22.exf4 Ne4
23.Bxe4 Qxe4 24.Rxc5 Ba4 25.Rxc8+ Rxc8 26.Qe2 Qxf4  1/2-1/2

[Event "Capablanca mem-C"]
[Site "Cienfuegos"]
[Date "1991.??.??"]
[Round "9"]
[White "Gonzales, JA."]
[Black "Leyva, Hector"]
[Result "1-0"]
[WhiteElo "2320"]
[BlackElo "2380"]

1.c4 e6 2.d4 d5 3.Nc3 Be7 4.Nf3 Nf6 5.Bf4 O-O 6.e3 c5 7.cxd5 exd5 8.Be2 Nc6
9.O-O c4 10.Ne5 Be6 11.Nxc6 bxc6 12.b3 Qa5 13.Na4 Rac8 14.bxc4 dxc4 15.Nb2 Qb4
16.Qc2 Nd5 17.Nxc4 Nxf4 18.exf4 Bf6 19.Rab1 Qe7 20.Rfd1 Rfd8 21.Ne5 Bd5 22.Bc4 Qe6
23.Bxd5 Qxd5 24.Rb4 Rd6 25.g3 Be7 26.Qc4 Qxc4 27.Rxc4 f6 28.Nf3 Bd8 29.Kf1 Bb6
30.Rd3 Rcd8 31.Rdc3 Rc8 32.Ra4 Kf7 33.Ke2 Rc7 34.Rac4 Re7+ 35.Re3 Red7 36.Re4 Rc7
37.g4 Rd5 38.h3 Ra5 39.a4 Rd5 40.f5 Rd6 41.Nd2 Rd5 42.Nb3 Kf8 43.Kd3 Kf7
44.Re6  1-0

[Event "Copenhagen Unibank"]
[Site "Copenhagen"]
[Date "1991.??.??"]
[Round "5"]
[White "Bogo, Soren"]
[Black "Wlodarczyk, Robert"]
[Result "1/2-1/2"]
[WhiteElo "2255"]
[BlackElo "2285"]

1.c4 e6 2.Nc3 d5 3.d4 Be7 4.Nf3 Nf6 5.Bf4 O-O 6.e3 c5 7.dxc5 Bxc5 8.Qc2 Nc6
9.Rd1 Qa5 10.a3 Be7 11.Nd2 e5 12.Bg5 d4 13.Nb3 Qd8 14.Be2 a5 15.O-O a4 16.Nc1 Qa5
17.Nb5 Be6 18.b4 axb3 19.Nxb3 Qb6 20.exd4 exd4 21.N3xd4 Nxd4 22.Rxd4 h6 23.Be3 Rfc8
24.Rb1 Qa5 25.Bf3 Qa4 26.Rc1 Qxc2 27.Rxc2 Ra4 28.c5 Ra5 29.Nd6 Rcxc5 30.Rxc5 Rxc5
31.Nxb7 Rc7 32.a4 Bc8 33.Nd6 Bd7 34.Nb5 Rc2 35.Rd2 Rc4 36.Rd4 Rc2 37.h3 Rb2
38.Rd2 Rb4 39.Rd4 Rb1+ 40.Rd1 Rb4 41.Nc3 Bxa4 42.Ra1 Bb3  1/2-1/2

[Event "Copenhagen op"]
[Site "Copenhagen"]
[Date "1991.??.??"]
[Round "10"]
[White "Mikhalchishin, Adrian"]
[Black "Nielsen, Peter Heine"]
[Result "1-0"]
[WhiteElo "2530"]
[BlackElo "2365"]

1.d4 d5 2.c4 e6 3.Nc3 Be7 4.Nf3 Nf6 5.Bf4 O-O 6.e3 c5 7.dxc5 Bxc5 8.a3 Nc6
9.b4 Be7 10.cxd5 Nxd5 11.Nxd5 exd5 12.Bd3 Bf6 13.Rc1 Re8 14.O-O Bg4 15.h3 Bxf3
16.Qxf3 Ne5 17.Bxe5 Rxe5 18.Rfd1 Qd6 19.Bc4 Rd8 20.Bb3 b6 21.Rd3 a5 22.Rcd1 Qf8
23.Bxd5 Re7 24.b5 Rc7 25.e4 Kh8 26.g3 Be5 27.Kg2 Rcd7 28.Rc1 Rc7 29.Rc6 Rxc6
30.bxc6  1-0

[Event "Cordoba op"]
[Site "Cordoba"]
[Date "1991.??.??"]
[Round "?"]
[White "Yewdokimov, Oleg"]
[Black "Hoffman, Alejandro"]
[Result "1-0"]
[WhiteElo "2375"]
[BlackElo "2415"]

1.d4 d5 2.c4 e6 3.Nc3 Nf6 4.Nf3 Be7 5.Bf4 O-O 6.e3 c5 7.dxc5 Bxc5 8.cxd5 exd5
9.Be2 Nc6 10.O-O Be6 11.Rc1 Bb6 12.Qa4 h6 13.Ne5 Rc8 14.Nxc6 Rxc6 15.Rfd1 Qe7
16.Be5 Nd7 17.Bd4 a6 18.Qb3 Rfc8 19.Bf3 Qd6 20.Bxb6 Rxb6 21.Qc2 Ne5 22.Bxd5 Bxd5
23.Rxd5 Rxc3 24.Rxd6 Rxc2 25.Rd8+ Kh7 26.Rxc2  1-0

[Event "NLD-ch (Women)"]
[Site "Dieren"]
[Date "1991.??.??"]
[Round "4"]
[White "De Vries, Sylvia"]
[Black "Benschop, Anne Marie"]
[Result "0-1"]
[WhiteElo "2150"]
[BlackElo "2165"]

1.d4 d5 2.Nf3 Nf6 3.c4 e6 4.Nc3 Be7 5.Bf4 a6 6.e3 Nbd7 7.c5 Nh5 8.b4 c6 9.Bd3 g6
10.O-O O-O 11.Re1 Nxf4 12.exf4 Bf6 13.Ne5 Bg7 14.Qg4 Re8 15.Qg3 Nf8 16.a3 Qc7
17.Re3 f6 18.Nf3 Bh6 19.Ne2 a5 20.b5 cxb5 21.Bxb5 Bd7 22.Bxd7 Qxd7 23.Rb3 Re7
24.Rab1 Qa4 25.Nd2 Rae8 26.Qd3 e5 27.dxe5 fxe5 28.Qxd5+ Kh8 29.Rxb7 Rxb7
30.Qxb7 exf4 31.c6 Rxe2 32.c7 Rxd2 33.Rf1 Rc2 34.c8=Q Rxc8 35.Qxc8 Qxa3 36.g4 Qe7
37.Rd1 f3 38.h3 Bg7 39.Qa8 Qe2 40.Rf1 Qe5 41.Qxf3 Qc3 42.Qa8 Qxh3 43.Qxa5 Qxg4+
44.Kh1 Qf3+ 45.Kg1 h5 46.Qg5 Kh7 47.Re1 Qf6 48.Qxf6 Bxf6 49.Rb1 Bd4 50.Rb7+ Kh6
51.Re7 Nh7 52.Kg2 g5 53.Re4 Bf6 54.f3 Kg6 55.Rb4 Nf8 56.Rb8 Ne6 57.Rb5 Nf4+
58.Kg3 Nd3 59.Kg2 Be5 60.Kf1 Kf5 61.Ke2 Nf4+ 62.Kf2 h4 63.Ra5 Ne6 64.Kg2 Nd4
65.Ra8 Kf4 66.Re8 Nf5 67.Rf8 Bd6 68.Rf7 Bc5 69.Kh3 Be3 70.Rf8 Ke5 71.Re8+ Kd4
72.Kg4 Nh6+ 73.Kh3 Bf4 74.Rf8 Ke3 75.Kg2 h3+ 76.Kxh3 Kxf3 77.Ra8 g4+ 78.Kh4 Nf5+
79.Kh5 g3 80.Rg8 Ne3 81.Rg6  0-1